000 00619cab a2200217 4500
001 ABS44420
008 090401t1991 xxu||||| |||| 00| 0 eng d
035 _a(Sirsi) u46998
041 _aeng
245 _aPlaying the futures game
260 _c1991
350 _a0
490 _aBuilding Market Report
_vApril 1991, 7
520 _aWith the memories of unitisation , warns of the difficulties of the property futures market.
650 _aFUTURES MARKET
650 _aLONDON FOX
650 _aPROPERTY INVESTMENT
690 _aPROPERTY-PROPERTY FINANCE AND INVESTMENT
942 _n0
948 _c04/03/1997
999 _c29644
_d29644